[Event "Novgorod"]
[Site "?"]
[Date "1994.??.??"]
[Round "?"]
[White "Ivanchuk, V."]
[Black "Short, N."]
[Result "1/2-1/2"]
[WhiteElo "2695"]
[BlackElo "2665"]
[PlyCount "124"]
[EventDate "1994.??.??"]
[Source "ChessBase"]
[SourceDate "1994.10.01"]

1. e4 e5 2. Nf3 Nc6 3. Bb5 Nf6 4. O-O Be7 5. Re1 d6 6. d4 exd4 7. Nxd4 Bd7 8. Bf1 O-O 9. Nc3 Re8 10. b3 d5 11. exd5 Bb4 12. Rxe8+ Bxe8 13. Ndb5 Ne7 14. Bg5 Bxc3 15. Nxc3 Nexd5 16. Qe1 Nxc3 17. Qxc3 h6 18. Bc1 Bc6 19. Bb2 Qd6 20. Re1 Re8 21. Rxe8+ Nxe8 22. f3 a6 23. a4 Nf6 24. Bd3 Qf4 25. Bxa6 bxa6 26. Qxc6 Qd2 27. h3 Qe3+ 28. Kf1 Qd2 29. Bxf6 gxf6 30. Qxc7 h5 31. h4 Qd1+ 32. Kf2 Qd2+ 33. Kg3 Qe1+ 34. Kh3 Qh1+ 35. Qh2 Qd1 36. Qg3+ Kh7 37. Qf4 Kg7 38. Qe4 a5 39. c4 Qxb3 40. c5 Qc3 41. Qd5 Qa1 42. Qc4 Qb1 43. Kg3 Qe1+ 44. Kh2 Qe5+ 45. Kh3 Qf5+ 46. Kg3 Qe5+ 47. Kf2 Qb2+ 48. Ke3 Qxg2 49. c6 Qg1+ 50. Ke4 Qe1+ 51. Kd4 Qe5+ 52. Kd3 Qf5+ 53. Kd2 Qxf3 54. c7 Qf2+ 55. Kd3 Qg3+ 56. Ke4 Qg4+ 57. Kd3 Qg3+ 58. Kc2 Qf2+ 59. Kb3 Qb6+ 60. Ka2 Qf2+ 61. Ka3 Qe3+ 62. Kb2 Qb6+ 1/2-1/2

[Event "Hoogovens 5'"]
[Site "Wijk aan Zee"]
[Date "1999.01.18"]
[Round "11"]
[White "Svidler, Peter"]
[Black "Piket, Jeroen"]
[Result "0-1"]
[WhiteElo "2713"]
[BlackElo "2609"]
[PlyCount "94"]
[EventDate "1999.01.18"]
[Source "ChessBase"]
[SourceDate "1999.03.01"]

1. e4 e5 2. Nf3 Nc6 3. Bb5 Nf6 4. d3 d6 5. c3 Be7 6. O-O O-O 7. Nbd2 h6 8. h3 Nh7 9. d4 Bf6 10. Bxc6 bxc6 11. Qa4 exd4 12. cxd4 Bd7 13. Qa5 Re8 14. e5 Be7 15. Nc4 Be6 16. Ne3 Qb8 17. Qc3 Qb6 18. Bd2 a5 19. Rfc1 Ra6 20. Nc4 Bxc4 21. Qxc4 Nf8 22. Rc3 d5 23. Qd3 Ne6 24. Rac1 Qb7 25. R3c2 a4 26. Be3 Rb6 27. Qe2 Rb8 28. Rb1 Rb5 29. Qd2 Ba3 30. Qc3 Bxb2 31. Qxc6 a3 32. Qxb7 R8xb7 33. Kf1 g5 34. Ke2 Kf8 35. Kd3 Ke8 36. Bd2 c5 37. dxc5 Nxc5+ 38. Ke2 Ne4 39. Be1 f6 40. exf6 Bxf6 41. Rxb5 Rxb5 42. Kd3 Kd7 43. Nd4 Bxd4 44. Kxd4 Rb2 45. Kd3 d4 46. Rxb2 axb2 47. Kc2 d3+ 0-1

[Event "EuTCh"]
[Site "Plovdiv"]
[Date "2003.10.18"]
[Round "7"]
[White "Delchev, Aleksander"]
[Black "Aleksandrov, Aleksej"]
[Result "1/2-1/2"]
[WhiteElo "2603"]
[BlackElo "2664"]
[PlyCount "165"]
[EventDate "2003.10.10"]
[Source "Roberto Alvarez"]
[SourceDate "2003.10.20"]

1. e4 e5 2. Nf3 Nc6 3. Bb5 Nf6 4. d3 d6 5. O-O Bd7 6. Re1 a6 7. Bxc6 Bxc6 8. c4 Be7 9. Nc3 O-O 10. d4 exd4 11. Nxd4 Bd7 12. Bf4 Re8 13. h3 h6 14. Qf3 Nh7 15. Rad1 Bf6 16. Qg3 Bh4 17. Qh2 Bf6 18. e5 dxe5 19. Bxe5 c6 20. Nf3 Re7 21. Re3 Qe8 22. Rde1 Re6 23. Na4 Qe7 24. Bxf6 Nxf6 25. Qc7 b5 26. Rxe6 fxe6 27. Nb6 Rf8 28. Rd1 Rf7 29. Ne5 Be8 30. Qxe7 Rxe7 31. Rd8 Kh7 32. c5 a5 33. f3 Rc7 34. g4 g5 35. Kf2 a4 36. a3 Kg7 37. Rd6 Ng8 38. Rxe6 Re7 39. Rxe7+ Nxe7 40. Ke3 Kf6 41. Ke4 Bg6+ 42. Kd4 Bc2 43. Nbd7+ Ke6 44. Nf8+ Kf6 45. Nfd7+ Ke6 46. Nb8 Bd1 47. Na6 Be2 48. Nc7+ Kf6 49. Nd7+ Kg7 50. Ke3 Bf1 51. Ne6+ Kf7 52. Nd4 Bxh3 53. Ne5+ Kf6 54. Nexc6 Nxc6 55. Nxc6 Bf1 56. Kd4 Be2 57. Ne5 Ke6 58. c6 Kd6 59. Ke4 Bd1 60. Nf7+ Kxc6 61. Nxh6 Bb3 62. Nf5 Bd5+ 63. Ke3 Kc5 64. f4 gxf4+ 65. Kxf4 Bg8 66. Ke5 Kc4 67. Kd6 b4 68. axb4 Kxb4 69. Nd4 Kc4 70. Ke5 Bh7 71. g5 Bg6 72. Ne6 Be8 73. Nc7 Bh5 74. Nd5 Kb3 75. Nb6 Bg6 76. Kd4 Be8 77. Nc4 Bg6 78. Kc5 Bf7 79. Nb6 Be8 80. Kd6 Bg6 81. Ke6 Bc2 82. Kf6 Kxb2 83. Ke5 1/2-1/2

[Event "Biel"]
[Site "Biel"]
[Date "1990.??.??"]
[Round "6"]
[White "Wahls, Matthias"]
[Black "Karpov, Anatoly"]
[Result "1/2-1/2"]
[WhiteElo "2525"]
[BlackElo "2730"]
[PlyCount "47"]
[EventDate "1990.07.??"]
[Source "ChessBase"]

1. e4 e5 2. Nf3 Nc6 3. Bb5 Nf6 4. d3 d6 5. O-O a6 6. Bxc6+ bxc6 7. h3 c5 8. Nc3 Be7 9. Nh2 Be6 10. f4 exf4 11. Bxf4 O-O 12. Nf3 h6 13. Qd2 Qd7 14. Rae1 Nh7 15. d4 cxd4 16. Nxd4 Bh4 17. Rd1 Rfe8 18. Qd3 Qc8 19. b3 Qb7 20. Nf3 Bg5 21. Bh2 Rad8 22. Kh1 Rd7 23. Rde1 Nf8 24. Nd5 1/2-1/2

[Event "Campionato europeo 2007"]
[Site "Dresda GER"]
[Date "2007.04.05"]
[Round "3"]
[White "Lupulescu, Constantin"]
[Black "Eljanov, Pavel"]
[Result "1/2-1/2"]
[WhiteElo "2565"]
[BlackElo "2686"]
[PlyCount "123"]
[EventDate "2007.04.03"]
[Source "www.chesslib.no"]
[SourceDate "2004.05.04"]

1. e4 e5 2. Nf3 Nc6 3. Bb5 Nf6 4. d3 d6 5. O-O Be7 6. c3 O-O 7. Re1 a6 8. Ba4 b5 9. Bc2 Bb7 10. Nbd2 Re8 11. d4 Bf8 12. d5 Nb8 13. b3 Nbd7 14. c4 c6 15. Nf1 Nc5 16. Ng3 bxc4 17. bxc4 g6 18. Be3 Nfd7 19. Nd2 Be7 20. Nb3 Nxb3 21. axb3 cxd5 22. cxd5 Bg5 23. Nf1 Bxe3 24. Nxe3 Qc7 25. Ra2 Reb8 26. Qd2 Bc8 27. Nc4 Nf6 28. Qa5 Qxa5 29. Rxa5 Ne8 30. Rea1 Kf8 31. R5a2 Ke7 32. Na5 Bd7 33. Bd3 Nc7 34. f3 Nb5 35. Bxb5 Bxb5 36. Nc4 Ra7 37. Kf2 Rc7 38. Rc2 f5 39. Ke3 Rc5 40. Kd2 Rbc8 41. Na3 Rxc2+ 42. Nxc2 fxe4 43. fxe4 Rf8 44. Ke3 Bf1 45. Ne1 Rc8 46. Rb1 g5 47. Nd3 Bxg2 48. Rg1 Bh3 49. Rxg5 Rc3 50. Kd2 Rxb3 51. Rg7+ Kd8 52. Rxh7 Bf1 53. Nf2 Rb2+ 54. Ke3 Rb3+ 55. Kd2 Bb5 56. h4 Rf3 57. Ng4 Rf4 58. Nh6 Be8 59. Rh8 Kd7 60. Rh7+ Kd8 61. Rh8 Kd7 62. Rh7+ 1/2-1/2

[Event "Olimpiadi 2008 - open"]
[Site "Dresda GER"]
[Date "2008.11.23"]
[Round "10"]
[White "Bruzon Batista, L."]
[Black "Aleksandrov, A."]
[Result "0-1"]
[WhiteElo "2622"]
[BlackElo "2617"]
[PlyCount "88"]
[EventDate "2008.11.13"]
[Source "www.chesslib.no"]
[SourceDate "2004.05.04"]

1. e4 e5 2. Nf3 Nc6 3. Bb5 Nf6 4. d3 d6 5. O-O Bd7 6. Re1 Be7 7. c3 O-O 8. Ba4 Rb8 9. Bc2 Re8 10. h3 Bf8 11. d4 h6 12. Nbd2 b5 13. Nf1 a5 14. Ng3 a4 15. Bd2 Ra8 16. Bd3 Qb8 17. b4 axb3 18. axb3 Rxa1 19. Qxa1 b4 20. c4 exd4 21. Nxd4 Nxd4 22. Qxd4 c5 23. Qb2 Qd8 24. Qc1 Bc6 25. Bf4 Nd7 26. Nf5 Qf6 27. Qa1 Bxe4 28. Qxf6 Nxf6 29. Bxe4 Rxe4 30. Rxe4 Nxe4 31. Kf1 d5 32. cxd5 c4 33. bxc4 b3 34. Bc1 g6 35. Ne3 Bg7 36. Nd1 Nc3 37. Nxc3 Bxc3 38. d6 b2 39. Bxb2 Bxb2 40. c5 Kf8 41. Ke2 Ba3 42. d7 Ke7 43. c6 Bc5 44. f4 Bb6 0-1

[Event "6. EICC"]
[Site "?"]
[Date "2005.06.29"]
[Round "11"]
[White "Areshchenko Alexander"]
[Black "Aleksandrov Aleksej"]
[Result "1-0"]
[WhiteElo "2595"]
[BlackElo "2635"]
[PlyCount "107"]
[EventDate "2005.??.??"]
[Source "www.chesslib.no"]
[SourceDate "2004.05.04"]

1. e4 e5 2. Nf3 Nc6 3. Bb5 Nf6 4. d3 d6 5. c3 g6 6. O-O Bg7 7. Nbd2 O-O 8. Re1 a6 9. Bxc6 bxc6 10. d4 exd4 11. cxd4 Re8 12. Qc2 Bd7 13. b3 c5 14. Bb2 cxd4 15. Bxd4 c5 16. Bc3 Bc6 17. Rad1 Ra7 18. e5 dxe5 19. Nxe5 Rae7 20. Nf1 Bd5 21. Nc6 Bxc6 22. Rxd8 Rxe1 23. Rxe8+ Rxe8 24. Qb2 Re6 25. Ne3 h5 26. h3 Kh7 27. Qa3 Bb5 28. Qa5 Bf8 29. Qc7 Kg8 30. a4 Bc6 31. Qc8 Ne4 32. Bb2 Nd2 33. Qb8 Re8 34. Qf4 Re6 35. b4 Ne4 36. f3 Nd6 37. bxc5 Ne8 38. Bd4 Bxa4 39. g4 Bc6 40. gxh5 gxh5 41. Nf5 a5 42. Kf2 a4 43. Qg5+ Rg6 44. Qxh5 Nf6 45. Qh4 Nh7 46. Qd8 Re6 47. h4 Bb5 48. Qb8 Re2+ 49. Kg1 Re1+ 50. Kh2 Re2+ 51. Kh3 Ng5+ 52. hxg5 Bd7 53. Kg4 a3 54. c6 1-0

[Event "Open 2007"]
[Site "Miami USA"]
[Date "2007.09.30"]
[Round "8"]
[White "Bachman, Axel"]
[Black "Mikhalevski, Victor"]
[Result "0-1"]
[WhiteElo "2550"]
[BlackElo "2675"]
[PlyCount "92"]
[EventDate "2007.09.26"]
[Source "www.chesslib.no"]
[SourceDate "2004.05.04"]

1. e4 e5 2. Nf3 Nc6 3. Bb5 Nf6 4. d3 d6 5. c3 g6 6. O-O Bg7 7. Re1 O-O 8. Bg5 h6 9. Bh4 Ne7 10. d4 Nd7 11. Bxd7 Bxd7 12. dxe5 dxe5 13. Na3 Qe8 14. Nc4 f6 15. Ne3 Be6 16. Qc2 Qf7 17. Rad1 h5 18. h3 Bh6 19. b3 a5 20. c4 Bxe3 21. Rxe3 g5 22. Bg3 h4 23. Bh2 Nc6 24. Qc3 a4 25. Red3 Qe7 26. Ne1 axb3 27. axb3 Nd4 28. Qb2 Qa3 29. Qd2 Qa2 30. Qe3 Qe2 31. Bxe5 Qxe3 32. fxe3 Ne2+ 33. Kf2 fxe5+ 34. Kxe2 g4 35. hxg4 Bxg4+ 36. Nf3 h3 37. Rg1 Kh7 38. Rh1 Kg6 39. Rg1 Kh5 40. Rh1 Ra2+ 41. Rd2 Bxf3+ 42. gxf3 Rxd2+ 43. Kxd2 Rxf3 44. Ke2 Kg4 45. Rd1 h2 46. Rd7 Rf5 0-1

[Event "St Petersburg m"]
[Site "St Petersburg"]
[Date "1999.03.29"]
[Round "5"]
[White "Spassky, Boris V"]
[Black "Kortschnoj, Viktor"]
[Result "1/2-1/2"]
[WhiteElo "2549"]
[BlackElo "2673"]
[PlyCount "80"]
[EventDate "1999.03.??"]
[Source "www.chesslib.no"]
[SourceDate "2004.05.04"]

1. e4 e5 2. Nf3 Nc6 3. Bb5 Nf6 4. d3 d6 5. O-O Bd7 6. c3 g6 7. Re1 Bg7 8. d4 O-O 9. Bg5 Qe8 10. Bxf6 Bxf6 11. d5 Nb8 12. Bxd7 Nxd7 13. c4 a5 14. Nc3 Nc5 15. b3 Qd7 16. Qc2 Bg7 17. a3 f5 18. b4 fxe4 19. Nd2 Nd3 20. Rf1 axb4 21. Ncxe4 Nf4 22. axb4 Qg4 23. g3 Nh3+ 24. Kg2 Rxa1 25. Rxa1 Nxf2 26. Rf1 Qh3+ 27. Kg1 Ng4 28. Rxf8+ Bxf8 29. Nf3 Bh6 30. Qe2 Be3+ 31. Kh1 b6 32. Qg2 Qxg2+ 33. Kxg2 Bd4 34. Nfd2 Ne3+ 35. Kf3 h6 36. b5 g5 37. g4 Kf7 38. h3 Nc2 39. Ke2 Bc5 40. Nf3 Kg6 1/2-1/2

[Event "I Open Ruy Lopez"]
[Site "Zafra SPA"]
[Date "2007.03.25"]
[Round "7"]
[White "Hou Yifan"]
[Black "Sasikiran, K."]
[Result "1/2-1/2"]
[WhiteElo "2509"]
[BlackElo "2700"]
[PlyCount "131"]
[EventDate "2007.03.24"]
[Source "www.chesslib.no"]
[SourceDate "2004.05.04"]

1. e4 e5 2. Nf3 Nc6 3. Bb5 Nf6 4. d3 d6 5. O-O g6 6. c3 Bg7 7. Nbd2 O-O 8. h3 a6 9. Ba4 b5 10. Bc2 Bb7 11. Re1 Nb8 12. a4 Nbd7 13. b4 Nb6 14. axb5 axb5 15. Rxa8 Bxa8 16. Nf1 Nbd7 17. Bb3 c5 18. Ng3 Qc7 19. Bd2 d5 20. exd5 Nxd5 21. Ne4 c4 22. dxc4 bxc4 23. Ba4 N7b6 24. Bc2 Qc6 25. Qe2 Nf4 26. Bxf4 exf4 27. Qd2 Nd5 28. Nd4 Qc7 29. Nb5 Qe5 30. Ned6 Qg5 31. Be4 Nb6 32. Bxa8 Rxa8 33. Qe2 Rf8 34. Qf3 Nd7 35. Qb7 Ne5 36. Nd4 Qd8 37. Qd5 Re8 38. Re4 Re7 39. Nc6 Nxc6 40. Qxc6 Bxc3 41. Qxc4 Bf6 42. Rxe7 Qxe7 43. Qc8+ Kg7 44. Ne8+ Kh6 45. Nxf6 Qxf6 46. b5 f3 47. Qf8+ Kh5 48. g4+ Kg5 49. Qc5+ Kh4 50. Qc7 Qa1+ 51. Kh2 Qb2 52. Qg3+ Kg5 53. Qxf3 Qxb5 54. Qxf7 Qe5+ 55. Kg2 h5 56. gxh5 gxh5 57. Qg8+ Kh6 58. Qf8+ Kh7 59. Qf7+ Kh6 60. Qf3 Kh7 61. Qb7+ Kh6 62. Qc6+ Kg7 63. Qf3 Qg5+ 64. Qg3 h4 65. Qxg5+ Kh7 66. Qg3 1/2-1/2

[Event "TCh-GRE"]
[Site "Aghia Pelagia"]
[Date "2004.07.07"]
[Round "4"]
[White "Papaioannou, Ioannis"]
[Black "Georgiev, Kiril"]
[Result "1/2-1/2"]
[WhiteElo "2577"]
[BlackElo "2626"]
[PlyCount "70"]
[EventDate "2004.07.04"]
[Source "Roberto Alvarez"]
[SourceDate "2004.07.12"]

1. e4 e5 2. Nf3 Nc6 3. Bb5 Nf6 4. d3 d6 5. O-O g6 6. c3 Bg7 7. Re1 O-O 8. Nbd2 Bd7 9. Ba4 Kh8 10. Nf1 Qe8 11. Bb3 Nh5 12. Ng3 Nxg3 13. hxg3 Bg4 14. Qd2 f6 15. d4 a5 16. dxe5 dxe5 17. Qc2 Ne7 18. a4 Qc6 19. Nh2 Be6 20. Be3 Rfd8 21. Bxe6 Qxe6 22. Rad1 b6 23. Nf3 Bf8 24. Rxd8 Rxd8 25. Rd1 Nc6 26. Rxd8 Nxd8 27. Nd2 Nb7 28. Qd3 Qc6 29. Qc4 Qxc4 30. Nxc4 h5 31. Kf1 Kg8 32. f3 Kf7 33. Ke2 Ke6 34. g4 hxg4 35. fxg4 Be7 1/2-1/2

[Event "I Open Ruy Lopez"]
[Site "Zafra SPA"]
[Date "2007.03.25"]
[Round "7"]
[White "Sokolov, Iv"]
[Black "Khamrakulov, I."]
[Result "1-0"]
[WhiteElo "2652"]
[BlackElo "2527"]
[PlyCount "55"]
[EventDate "2007.03.24"]
[Source "www.chesslib.no"]
[SourceDate "2004.05.04"]

1. e4 e5 2. Nf3 Nc6 3. Bb5 Nf6 4. d3 d6 5. O-O Bd7 6. c3 g6 7. Re1 Bg7 8. Nbd2 O-O 9. Nf1 Ne7 10. Bc4 c6 11. Bb3 h6 12. d4 Qc7 13. Ng3 c5 14. h3 c4 15. Bc2 b5 16. Be3 g5 17. Qd2 Ng6 18. Rad1 Rfe8 19. Nf5 Bxf5 20. exf5 Nf4 21. h4 Nh7 22. g3 Nh3+ 23. Kh2 g4 24. Bxh6 Nxf2 25. Bxg7 Nxd1 26. f6 e4 27. Rxe4 Rxe4 28. Bxe4 1-0

[Event "7th Amplico AIG Life Gp4"]
[Site "Warsaw POL"]
[Date "2007.12.16"]
[Round "2"]
[White "Balogh, C."]
[Black "Aleksandrov, A."]
[Result "1/2-1/2"]
[WhiteElo "2562"]
[BlackElo "2614"]
[PlyCount "52"]
[EventDate "2007.12.16"]
[Source "www.chesslib.no"]
[SourceDate "2004.05.04"]

1. e4 e5 2. Nf3 Nc6 3. Bb5 Nf6 4. d3 d6 5. O-O Bd7 6. Re1 Be7 7. c3 O-O 8. Ba4 Re8 9. Nbd2 Bf8 10. Nf1 Ne7 11. Bc2 Ng6 12. Ng3 d5 13. Bg5 dxe4 14. dxe4 Bg4 15. h3 Qxd1 16. Bxd1 Be6 17. Bxf6 gxf6 18. Nh5 Be7 19. Bb3 a5 20. Rad1 Red8 21. Nh2 Rxd1 22. Rxd1 Rd8 23. Rxd8+ Bxd8 24. Ng4 Bxg4 25. hxg4 Nf4 26. Nxf4 exf4 1/2-1/2

[Event "II Campionato Italiano Lampo Online"]
[Site "playchess.com"]
[Date "2007.12.23"]
[Round "1.2"]
[White "Godena, Michele"]
[Black "Rombaldoni, Denis"]
[Result "1/2-1/2"]
[WhiteElo "2609"]
[BlackElo "2566"]
[PlyCount "180"]
[EventDate "2007.12.23"]
[Source "www.chesslib.no"]
[SourceDate "2004.05.04"]

1. e4 e5 2. Nf3 Nc6 3. Bb5 d6 4. d4 Bd7 5. O-O exd4 6. Nxd4 Nf6 7. Nc3 Be7 8. Bxc6 bxc6 9. Qf3 O-O 10. e5 dxe5 11. Nxc6 Bxc6 12. Qxc6 Qd6 13. Qxd6 Bxd6 14. Bg5 Nd7 15. Rfd1 f6 16. Be3 Kf7 17. Nb5 Ke6 18. Nxa7 Rfb8 19. b3 Bc5 20. Bxc5 Nxc5 21. Nc6 Rb6 22. b4 Rxc6 23. bxc5 Rxc5 24. Rd2 Ra3 25. Kf1 Rc4 26. Ke2 Re4+ 27. Kd1 Rh4 28. h3 Rha4 29. c3 Rxc3 30. Rc2 Rd4+ 31. Kc1 Rxc2+ 32. Kxc2 Rf4 33. f3 Kd5 34. a4 Kc6 35. a5 Kb7 36. Rd1 Ra4 37. Kb3 Rxa5 38. Rd7 e4 39. Rxg7 exf3 40. gxf3 Rh5 41. Rf7 Rf5 42. Rxh7 Rxf3+ 43. Kc4 Kc6 44. h4 Rf4+ 45. Kd3 Kd6 46. h5 Rh4 47. h6 c5 48. Rh8 Ke5 49. Ke3 Rh3+ 50. Kf2 Kf4 51. h7 f5 52. Kg2 Rh6 53. Kf2 Rh2+ 54. Kg1 Rh6 55. Kf2 Rh5 56. Kg2 Rg5+ 57. Kf2 Rg7 58. Rc8 Rxh7 59. Rxc5 Rh2+ 60. Kg1 Rd2 61. Rc3 Re2 62. Kf1 Re3 63. Rc5 Kg4 64. Kf2 Ra3 65. Rc2 f4 66. Rc8 Ra2+ 67. Kg1 Kg3 68. Rg8+ Kf3 69. Rf8 Ra4 70. Rf7 Ra1+ 71. Kh2 Ke3 72. Kg2 Ra2+ 73. Kf1 Kf3 74. Kg1 Ra4 75. Rf8 Rb4 76. Rf7 Rb1+ 77. Kh2 Ke3 78. Kg2 Rb2+ 79. Kf1 Kf3 80. Kg1 Rg2+ 81. Kf1 Rg5 82. Rf8 Kg3 83. Rf7 f3 84. Kg1 Rc5 85. Rg7+ Kf4 86. Kf1 Rc1+ 87. Kf2 Rc2+ 88. Kf1 Ke3 89. Re7+ Kf4 90. Rf7+ Ke3 1/2-1/2

[Event "Lugano"]
[Site "?"]
[Date "1989.??.??"]
[Round "?"]
[White "Sax, Gy"]
[Black "Torre, E."]
[Result "1-0"]
[WhiteElo "2610"]
[BlackElo "2565"]
[PlyCount "81"]
[EventDate "1989.??.??"]
[Source "ChessBase"]
[SourceDate "1989.01.01"]

1. e4 e5 2. Nf3 Nc6 3. Bb5 Nf6 4. d3 d6 5. O-O Be7 6. c3 O-O 7. Nbd2 Nd7 8. d4 Bf6 9. Nb3 Ne7 10. Re1 c6 11. Bf1 Re8 12. Be3 Ng6 13. Nbd2 Nh4 14. Nc4 Nb6 15. Nxh4 Bxh4 16. dxe5 Nxc4 17. Bxc4 dxe5 18. Qh5 Be6 19. Red1 Bxc4 20. Rxd8 Bxd8 21. b3 g6 22. Qh6 Be6 23. h4 Bf6 24. h5 Bg7 25. Qg5 h6 26. Qg3 g5 27. Rd1 b6 28. Rd6 c5 29. Qf3 Bf8 30. Rd2 Rad8 31. Qe2 c4 32. b4 Be7 33. Rxd8 Rxd8 34. Qc2 Bd7 35. a4 Rb8 36. Qa2 Bg4 37. a5 bxa5 38. Qxa5 Rd8 39. f3 Be6 40. Qxe5 Rd1+ 41. Kf2 1-0

[Event "Budapest zt 1.4"]
[Site "Budapest"]
[Date "2000.06.24"]
[Round "8"]
[White "Hracek, Zbynek"]
[Black "Pinter, Jozsef"]
[Result "1/2-1/2"]
[WhiteElo "2620"]
[BlackElo "2553"]
[PlyCount "49"]
[EventDate "2000.06.17"]
[Source "ChessBase"]
[SourceDate "2000.10.18"]

1. e4 e5 2. Nf3 Nc6 3. Bb5 Nf6 4. d3 d6 5. O-O g6 6. Re1 Bg7 7. c3 O-O 8. h3 Bd7 9. a4 Re8 10. a5 a6 11. Bc4 Be6 12. Bxe6 Rxe6 13. Bg5 h6 14. Bh4 Qd7 15. Qb3 Rb8 16. Bxf6 Bxf6 17. Nbd2 Bg7 18. Nf1 Kh7 19. Ng3 Ree8 20. h4 Nd8 21. d4 Ne6 22. Rad1 Nf4 23. dxe5 Bxe5 24. c4 Qe6 25. Nxe5 1/2-1/2

[Event "Ukrainian Games"]
[Site "Evpatoria (Ukraine)"]
[Date "2007.05.22"]
[Round "2"]
[White "Vovk Andrey (UKR)"]
[Black "Karjakin Sergey (UKR)"]
[Result "0-1"]
[WhiteElo "2484"]
[BlackElo "2686"]
[PlyCount "136"]
[EventDate "2007.??.??"]
[Source "www.chesslib.no"]
[SourceDate "2004.05.04"]

1. e4 e5 2. Nf3 Nc6 3. Bb5 Nf6 4. d3 d6 5. O-O Be7 6. Nbd2 O-O 7. Re1 a6 8. Ba4 b5 9. Bb3 Na5 10. c3 Nxb3 11. axb3 c5 12. Nf1 h6 13. h3 Re8 14. g4 d5 15. Qe2 Bb7 16. Ng3 c4 17. bxc4 bxc4 18. dxc4 Nxe4 19. Nxe4 dxe4 20. Nd2 a5 21. Nxe4 a4 22. f3 Qc7 23. Be3 Rec8 24. c5 Bxe4 25. fxe4 Bxc5 26. Rf1 a3 27. bxa3 Bxe3+ 28. Qxe3 Qxc3 29. Qf3 f6 30. Kh1 Qb2 31. Rfb1 Qd4 32. Rc1 Rxc1+ 33. Rxc1 Qb2 34. Rc3 Rd8 35. Re3 Rd2 36. Re1 Qc2 37. Rf1 Rd3 38. Qg2 Qb3 39. Kh2 Qxa3 40. h4 Qc3 41. Rf2 Qe1 42. g5 hxg5 43. hxg5 fxg5 44. Qf1 Qxf1 45. Rxf1 Re3 46. Rf5 Rxe4 47. Rxg5 Kf7 48. Kg3 g6 49. Kg2 Kf6 50. Rg3 Re2+ 51. Kf3 Ra2 52. Rg4 Ra3+ 53. Kf2 Kf5 54. Rb4 g5 55. Rc4 e4 56. Rc8 Kf4 57. Rf8+ Kg4 58. Re8 e3+ 59. Kf1 Kf3 60. Rf8+ Kg3 61. Re8 g4 62. Re7 Ra1+ 63. Ke2 Kg2 64. Rxe3 Ra2+ 65. Ke1 g3 66. Re8 Kg1 67. Rg8 g2 68. Rb8 Ra7 0-1

[Event "EU-ch 3rd"]
[Site "Batumi"]
[Date "2002.06.24"]
[Round "12"]
[White "Guseinov, Kadir"]
[Black "Aleksandrov, Aleksej"]
[Result "0-1"]
[WhiteElo "2510"]
[BlackElo "2654"]
[PlyCount "88"]
[EventDate "2002.06.12"]
[Source "ChessBase"]
[SourceDate "2002.09.20"]

1. e4 e5 2. Nf3 Nc6 3. Bb5 Nf6 4. d3 d6 5. O-O g6 6. d4 Bd7 7. Re1 Bg7 8. Bxc6 Bxc6 9. dxe5 Nxe4 10. Qd3 dxe5 11. Rxe4 Bxe4 12. Qxe4 Qd1+ 13. Qe1 O-O-O 14. Nc3 Qxc2 15. Bg5 f6 16. Be3 a6 17. Rc1 Qxb2 18. Na4 Qa3 19. Nc5 Bf8 20. Ne6 Rd7 21. Nd2 Qa5 22. Qe2 Qd5 23. Nxf8 Rxf8 24. h3 Qxa2 25. Qg4 Rfd8 26. Nc4 Kb8 27. Qf3 f5 28. Nxe5 Rd5 29. Bf4 Rc8 30. h4 Rd4 31. Be3 Rd6 32. Bf4 Qa4 33. Kh2 Qe4 34. Qxe4 fxe4 35. Rc4 b5 36. Rxe4 Kb7 37. g4 a5 38. Bg3 Re8 39. f4 a4 40. f5 gxf5 41. gxf5 a3 42. Re1 Rf6 43. Ra1 Rxf5 44. Nd3 Re2+ 0-1

[Event "4th Open A"]
[Site "Moscow RUS"]
[Date "2008.02.09"]
[Round "8"]
[White "Khairullin, I."]
[Black "Aleksandrov, A."]
[Result "1/2-1/2"]
[WhiteElo "2544"]
[BlackElo "2618"]
[PlyCount "122"]
[EventDate "2008.02.02"]
[Source "www.chesslib.no"]
[SourceDate "2004.05.04"]

1. e4 e5 2. Nf3 Nc6 3. Bb5 Nf6 4. d3 d6 5. O-O Bd7 6. Re1 Be7 7. c3 O-O 8. Nbd2 Re8 9. Nf1 Bf8 10. Ng3 h6 11. h3 Ne7 12. Bxd7 Qxd7 13. d4 Ng6 14. d5 c6 15. c4 b5 16. b3 bxc4 17. bxc4 cxd5 18. cxd5 Rab8 19. Be3 Rb2 20. a4 Nf4 21. Nd4 Reb8 22. Nc6 R8b3 23. Bxf4 exf4 24. Nf5 f3 25. Ncd4 Rb4 26. Nc6 Rxe4 27. Qxf3 Ra2 28. Nxh6+ gxh6 29. Qxf6 Qe8 30. Rxa2 Rxe1+ 31. Kh2 Qe4 32. Rd2 Bg7 33. Qxd6 Qxa4 34. Qb8+ Kh7 35. Qg3 Bf6 36. Qd3+ Kg7 37. g3 Rc1 38. Qf3 Rc3 39. Qg4+ Qxg4 40. hxg4 a6 41. Ra2 Rc5 42. Rxa6 Rxd5 43. Ra2 Rc5 44. Na5 h5 45. gxh5 Bc3 46. Nb3 Rxh5+ 47. Kg2 Rb5 48. Nc1 Rb2 49. Rxb2 Bxb2 50. Nd3 Bc3 51. g4 f5 52. g5 Kg6 53. f4 Kh5 54. Kf3 Bd4 55. Nb4 Bb6 56. Nc6 Bc5 57. Nd8 Be7 58. Ne6 Ba3 59. Nd4 Be7 60. Ne6 Ba3 61. Kg3 Be7 1/2-1/2

[Event "HUN-ch Super"]
[Site "Budapest"]
[Date "1995.??.??"]
[Round "7"]
[White "Almasi, Zoltan"]
[Black "Horvath, Csaba"]
[Result "1-0"]
[WhiteElo "2630"]
[BlackElo "2530"]
[PlyCount "79"]
[EventDate "1995.11.??"]
[Source "ChessBase"]

1. e4 e5 2. Nf3 Nc6 3. Bb5 Nf6 4. O-O Be7 5. Re1 d6 6. d4 exd4 7. Nxd4 Bd7 8. Bxc6 bxc6 9. Nc3 O-O 10. Qf3 Re8 11. Bg5 h6 12. Bh4 Rb8 13. b3 Rb4 14. Rad1 Nh7 15. Bxe7 Qxe7 16. a3 Rb6 17. Re3 Ra6 18. a4 Rb6 19. Qe2 Nf6 20. h3 Rb4 21. Qa6 Rb6 22. Qxa7 Qd8 23. e5 dxe5 24. a5 exd4 25. Rxe8+ Qxe8 26. axb6 cxb6 27. Na4 Qe2 28. Qb8+ Kh7 29. Rxd4 Qe1+ 30. Kh2 Qxf2 31. Qe5 Nd5 32. Rd3 f6 33. Qd4 Qxc2 34. Rg3 b5 35. Qa7 Ne7 36. Qxd7 Nf5 37. Rf3 Nh4 38. Qd3+ Qxd3 39. Rxd3 bxa4 40. bxa4 1-0

[Event "12th Neckar Open A"]
[Site "Deizisau GER"]
[Date "2008.03.24"]
[Round "9"]
[White "Fedorchuk, S."]
[Black "Bindrich, F."]
[Result "1/2-1/2"]
[WhiteElo "2652"]
[BlackElo "2497"]
[PlyCount "157"]
[EventDate "2008.03.20"]
[Source "www.chesslib.no"]
[SourceDate "2004.05.04"]

1. e4 e5 2. Nf3 Nc6 3. Bb5 Nf6 4. d3 d6 5. O-O g6 6. d4 Bd7 7. Re1 Bg7 8. d5 Ne7 9. Bxd7+ Qxd7 10. c4 O-O 11. Nc3 Nh5 12. Be3 h6 13. Nh4 Bf6 14. Nf5 Nxf5 15. exf5 Nf4 16. fxg6 fxg6 17. Ne4 Bg7 18. c5 Rad8 19. cxd6 cxd6 20. Bxa7 Qb5 21. a4 Qa5 22. Be3 Qxd5 23. Bxf4 Qxd1 24. Raxd1 exf4 25. Rxd6 Rxd6 26. Nxd6 Rd8 27. Nxb7 Rd2 28. b4 Bd4 29. Rf1 Rb2 30. b5 Rb4 31. Rd1 Rxa4 32. Kf1 Rb4 33. Nd6 Kf8 34. Ke2 Be5 35. Rd5 Ke7 36. Nc4 Rxc4 37. Rxe5+ Kf6 38. Re8 Rb4 39. Rb8 Kg5 40. b6 Rb2+ 41. Kf3 Rb3+ 42. Ke4 Rb2 43. Kf3 Rb3+ 44. Ke4 Rb2 45. b7 Rb4+ 46. Kd5 Rb2 47. g3 Rd2+ 48. Ke4 Rb2 49. f3 Re2+ 50. Kd3 Rb2 51. gxf4+ Kh5 52. Ke3 Rb3+ 53. Kf2 Rb2+ 54. Kg3 Rb1 55. Re8 Rxb7 56. Re5+ g5 57. fxg5 Rb4 58. h4 Ra4 59. f4 Ra3+ 60. Kf2 hxg5 61. hxg5 Kg4 62. Re4 Kf5 63. Rb4 Rc3 64. Ke2 Ra3 65. Rd4 Rb3 66. Rd3 Rb4 67. Rf3 Rb2+ 68. Ke3 Rb3+ 69. Kf2 Rb1 70. Kg2 Ra1 71. Rf2 Ra3 72. Rf3 Ra1 73. Kg3 Rg1+ 74. Kh4 Ra1 75. Rf2 Rh1+ 76. Kg3 Ra1 77. Re2 Rg1+ 78. Kf2 Ra1 79. Kf3 1/2-1/2

[Event "Najdorf"]
[Site "Buenos Aires"]
[Date "1997.05.24"]
[Round "5"]
[White "Kotronias, Vasilios"]
[Black "Campora, Daniel Hugo"]
[Result "1-0"]
[WhiteElo "2590"]
[BlackElo "2555"]
[PlyCount "105"]
[EventDate "1997.05.19"]
[Source "ChessBase"]
[SourceDate "1997.10.13"]

1. e4 e5 2. Nf3 Nc6 3. Bb5 Nf6 4. O-O d6 5. d4 Bd7 6. Re1 Be7 7. c4 exd4 8. Bxc6 bxc6 9. Qxd4 c5 10. Qd3 O-O 11. h3 Bc6 12. Nc3 Nd7 13. Bf4 f6 14. Nd2 Ne5 15. Qg3 Qb8 16. b3 Qb7 17. Nd5 Rf7 18. Nf1 a5 19. Nfe3 Bf8 20. Nf5 Kh8 21. h4 a4 22. h5 axb3 23. axb3 Rxa1 24. Rxa1 Bd7 25. Bd2 Nc6 26. Bc3 Bxf5 27. exf5 Ne7 28. Nxe7 Rxe7 29. h6 d5 30. hxg7+ Bxg7 31. cxd5 Qxd5 32. Qh4 Kg8 33. Qg4 Kf8 34. Rd1 Qc6 35. Qc4 Ke8 36. Rd5 Bf8 37. Rxc5 Qxc5 38. Qxc5 Re1+ 39. Bxe1 Bxc5 40. Bc3 Be7 41. g4 Kd7 42. Kg2 Kd6 43. Kh3 Kd5 44. f3 c5 45. Kh4 c4 46. bxc4+ Kxc4 47. Bd2 Bf8 48. Kh5 Kd4 49. Bh6 Be7 50. Bc1 Bf8 51. Bb2+ Ke3 52. Bxf6 Kxf3 53. Bd8 1-0